Les vainqueurs du Dakar Moto (Pilote) - Statistiques

Statistiques générales
  • Ce quiz a été pris 19 fois
    11 depuis la dernière actualisation
  • Le résultat moyen est 7 sur 17
Statistiques - réponses
Titres Éditions (constructeur) Pays Réponse % Correct
1 6 1991 (Yamaha), 1992 (Yamaha), 1993 (Yamaha), 1995 (Yamaha), 1997 (Yamaha), 1998 (Yamaha) France Stéphane Peterhansel
100%
3 5 2005 (KTM), 2007 (KTM), 2010 (KTM), 2012 (KTM), 2013 (KTM) France Cyril Despres
67%
2 5 1979 (Yamaha), 1980 (Yamaha), 1982 (Honda), 1986 (Honda), 1987 (Honda) France Cyril Neveu
56%
15 1 2004 (KTM) Espagne Nani Roma
56%
17 1 2025 (KTM) Australie Daniel Sanders
44%
7 2 1981 (BMW), 1983 (BMW) France Hubert Auriol
44%
12 2 2021 (Honda), 2023 (KTM) Argentine Kevin Benavídes
44%
4 5 2006 (KTM), 2009 (KTM), 2011 (KTM), 2014 (KTM), 2015 (KTM) Espagne Marc Coma
44%
13 2 2020 (Honda), 2024 (Honda) États-Unis Ricky Brabec
44%
16 1 2018 (KTM) Autriche Matthias Walkner
33%
11 2 2017 (KTM), 2022 (GasGas) Royaume-Uni Sam Sunderland
33%
10 2 2016 (KTM), 2019 (KTM) Australie Toby Price
33%
5 4 1988 (Honda), 1990 (Cagiva), 1994 (Cagiva), 1996 (Yamaha) Italie Edi Orioli
22%
9 2 2001 (KTM), 2002 (KTM) Italie Fabrizio Meoni
22%
8 2 1984 (BMW), 1985 (BMW) Belgique Gaston Rahier
22%
6 3 1999 (BMW), 2000 (BMW), 2003 (KTM) France Richard Sainct
22%
14 1 1989 (Honda) France Gilles Lalay
11%
Aucun quiz correspondant
Distribution des résultats
% des personnes avec chaque résultat
Percentile par nombre de réponses
Votre historique - résultats
Vous n’avez pas pris ce quiz depuis la dernière actualisation